000 00722nam a2200289Ia 4500
005 20260324133848.0
008 008 260324s9999 xx 000 0 eng d
020 _a9780203728482
037 _aEBOOK
040 _aCRL
040 _beng
040 _cCRL
041 _2eng
041 _aeng
084 _qCRL
100 _aJulie Anne Taddeo; John Dececco
_91194679
245 0 _aLytton Strachey and the Search for Modern Sexual Identity
245 4 _bThe Last Eminent Victorian
260 _bTaylor and Francis
260 _c2002
365 _a
365 _b56.99
856 _uhttp://www.taylorfrancis.com/books/9780203728482
942 _cEBOOK
999 _c1794159
_d1794159